| 000 | 00444cam a22001217a 4500 | ||
|---|---|---|---|
| 008 | 180718b1977 xxu||||| |||| 00| 0 eng d | ||
| 082 | _aF8065x5413 L/1977 | ||
| 100 | _aRai, U.N. | ||
| 245 |
_aGeneral election, Bihar Legislative Assembly: statistical analysis, 1977 _cby U.N. Rai |
||
| 260 |
_aPatna _bCabinet Secretariat and Co-ordination Department _c1977 |
||
| 300 | _a228+p. | ||
| 700 | _aBihar. Cabinet Secretariat and Co-ordination Department | ||
| 999 |
_c490532 _d490532 |
||